Vascular flora of the la selva biological station, Costa Rica Rubiaceae (Registro nro. 9983)

Detalles MARC
000 -CABECERA
Campo de control 005330000a22001690004500
090 ## - CLASIFICACIÓN LOCAL
Colección AR
Consecutivo 00895
041 0# - IDIOMA
Código de idioma para texto/pista de sonido o título separado
100 1# - ASIENTO PRINCIPAL--NOMBRE PERSONAL
Nombre personal Taylor, Charlotte M.
245 10 - MENCION DE TITULO
Título Vascular flora of the la selva biological station, Costa Rica Rubiaceae
650 14 - ASIENTO SECUNDARIO DE MATERIA - TERMINO TEMATICO
Término temático o nombre geográfico como elemento de entrada Plantas vasculares
650 14 - ASIENTO SECUNDARIO DE MATERIA - TERMINO TEMATICO
Término temático o nombre geográfico como elemento de entrada Biodiversidad
650 14 - ASIENTO SECUNDARIO DE MATERIA - TERMINO TEMATICO
Término temático o nombre geográfico como elemento de entrada Inventarios de vegetación
650 14 - ASIENTO SECUNDARIO DE MATERIA - TERMINO TEMATICO
Término temático o nombre geográfico como elemento de entrada Sistemática vegetal
651 #4 - ASIENTO SECUNDARIO DE MATERIA - NOMBRE GEOGRAFICO
-- La Selva
-- Heredia
-- Costa Rica
773 1# - Item fuente:
Título Selbyana
Especificación de materiales 247
Descripción física 12
Paginas del Articulo 141-190
Lugar, editorial y fecha de publicación 1991
942 ## - ELEMENTOS ADICIONALES (KOHA)
Tipo de ítem Artículo
Existencias
Withdrawn status Lost status Damaged status No para préstamo Colección Ubicación Permanente Ubicación actual Fecha de adquisición Datos de publicación Seriada Total Checkouts Número topográfico Inventario / Código de Barras Date last seen Ejemplar Price effective from Forma de adquisición Tipo de material
      No para Préstamo Hemeroteca Bogotá Bogotá 27/02/2015 Fuera de circulación   AR 00895 011186 25/03/2015 1 25/03/2015   Artículo